Letras.

محفوظ في:
التفاصيل البيبلوغرافية
التنسيق: غير معروف
اللغة:Spanish
الموضوعات:
الوسوم: إضافة وسم
لا توجد وسوم, كن أول من يضع وسما على هذه التسجيلة!

MARC

LEADER 000000000a22000000004500
001 002345
041 0 |a spa 
245 0 0 |a Letras. 
310 |a bimestral 
650 4 |a SASTRE, ALFONSO 
650 4 |a MAREJON, NANCY 
650 4 |a BENITEZ ROJO, ANTONIO 
650 4 |a GOLOBEFF, GERARDO MARIO 
650 4 |a CHAPLE, SERGIO 
773 0 |x 008-7157  |d Cuba : Casa de las Américas  |t Casa de las Américas  |g número 88, páginas 118-145 
942 |c ARC 
999 |c 9865  |d 9865